000 00525nam a22001937a 4500
003 OSt
005 20140310182351.0
008 130930t xxu||||| |||| 00| 0 eng d
020 _a2894295413
050 _aPZ 7
_b.R985 1994
082 _aGS 823
_bF49 1994
100 _aRuyer, Francois
_922159
245 _aFinnegan finds a friend /
_cFrancois Ruyer.
260 _aCanada :
_bTormont Publications,
_c1994.
300 _bill. col. ;
_c16 cm.
_a16 p. :
650 _aFiction
_9746
942 _2lcc
_cBK-GS
999 _c12356
_d12356